Thực đơn 4 món

Uloženo v:
Podrobná bibliografie
Hlavní autor: Quỳnh Chi
Médium: Kniha
Jazyk:Undetermined
Vydáno: H. Phụ Nữ 2002
Témata:
Tagy: Přidat tag
Žádné tagy, Buďte první, kdo otaguje tento záznam!
Thư viện lưu trữ: Trung tâm Học liệu Trường Đại học Cần Thơ
LEADER 00451nam a2200181Ia 4500
001 CTU_54825
008 210402s9999 xx 000 0 und d
020 |b 19000 
082 |a 641.5 
082 |b Qu609 
100 |a Quỳnh Chi 
245 0 |a Thực đơn 4 món 
245 0 |c Quỳnh Chi 
260 |a H. 
260 |b Phụ Nữ 
260 |c 2002 
650 |a cookery, vietnamese 
980 |a Trung tâm Học liệu Trường Đại học Cần Thơ